Movies Quiz

Random Movies or Cartoons Quiz

Invisible Pixar Movies Quiz Stats

 Plays Quiz Updated Jun 14, 2018

Challenge
Share
Tweet
Embed
Score 0/20 Timer 03:00
10 Plays Today
Pixar Movie % Correct
Toy Story
94.1%
Toy Story 2
89.6%
Toy Story 3
88.8%
Cars
84.3%
Cars 2
79.6%
Up
77.9%
Monsters, Inc.
76.3%
The Incredibles
73.4%
Cars 3
71.2%
Finding Nemo
69.9%
Pixar Movie % Correct
A Bug's Life
69.2%
Monsters University
69%
Incredibles 2
65.9%
Finding Dory
65.7%
WALL-E
65.1%
Brave
62.8%
Inside Out
55.3%
Ratatouille
54.5%
Coco
47.2%
The Good Dinosaur
41.4%

You're not logged in!

Compare scores with friends on all Sporcle quizzes.
OR
Log In

You Might Also Like...

Show Comments

Extras

Top Quizzes Today


Score Distribution

Your Account Isn't Verified!

In order to create a playlist on Sporcle, you need to verify the email address you used during registration. Go to your Sporcle Settings to finish the process.

Report this User

Report this user for behavior that violates our Community Guidelines.

Details: